Uomini che odiano le donne

Uloženo v:
Podrobná bibliografie
Hlavní autor: Larsson, Stieg
Médium: Kniha
Jazyk:angličtina
Vydáno: Marsilio Editori 2012
Tagy: Přidat tag
Žádné tagy, Buďte první, kdo vytvoří štítek k tomuto záznamu!

MARC

LEADER 00000nam a2200000 4500
005 20240227140027.0
008 240227b |||||||| |||| 00| 0 eng d
040 |c C 
100 |a Larsson, Stieg 
245 |a Uomini che odiano le donne 
260 |b Marsilio Editori  |c 2012 
942 |2 ddc  |c BK  |n 0 
952 |0 0  |1 0  |2 ddc  |4 0  |6 839_737400000000000_LAR_UOM  |7 1  |9 739  |a GE  |b GE  |d 2015-02-08  |l 0  |o 839.7374 LAR UOM  |p 1661  |r 2024-02-27 14:01:11  |w 2024-02-27  |y BK 
999 |c 696  |d 696